00769nam a22002057a 450000500170000001000150001702000260003203500140005803700130007208200120008524500420009725000070013926000570014627001050020330000260030850000540033494200260038899900190041495201300043320240214172639.0 aENG-139245 c740.00a9788119847839 aEN-122777 bDBAD/PUB a510212 aPearson IIT Foundation:bMahtematics/ a12 aUttar PradeshbPearson India Education Pvt Ltdc2024 bUttar Pradesha15th FLoor, Tower-B, World Trade Tower, Plot No.1, Block- C, Sector-16, Noidae201301 avpp.c28cm(pb)bIndex aAs Per CBSE, ICSE and State Curriculam Guidelines 2ddccENh510mIITe12 c200749d200749 001040708NFICaPRbPRd2024-02-14eDBAD/PUBg740.00l0o510 IITpEN-122777r2024-02-14 00:00:00t1v740.00w2024-02-14yEN